Premier League Winners - Statistics

General Stats
  • This quiz has been taken 762 times
    80 since last reset
  • The average score is 100 of 126
Answer Stats
Hint Answer % Correct
1901 | 1906 | 1922 | +17 others Liverpool
100%
1937 | 1968 | 2012 | +7 others Manchester City
100%
1908 | 1911 | 1952 | +17 others Manchester United
100%
1955 | 2005 | 2006 | +3 others Chelsea
99%
1931 | 1933 | 1934 | +10 others Arsenal
96%
2016 Leicester City
93%
1951 | 1961 Tottenham Hotspur
81%
1978 Nottingham Forest
79%
1894 | 1896 | 1897 | +4 others Aston Villa
78%
1891 | 1915 | 1928 | +6 others Everton
75%
1912 | 1914 | 1995 Blackburn Rovers
72%
1905 | 1907 | 1909 | 1927 Newcastle United
70%
1969 | 1974 | 1992 Leeds United
54%
1954 | 1958 | 1959 Wolverhampton Wanderers
54%
1972 | 1975 Derby County
42%
1892 | 1893 | 1895 | +3 others Sunderland
40%
1921 | 1960 Burnley
34%
1962 Ipswich Town
34%
1898 Sheffield United
34%
1903 | 1904 | 1929 | 1930 Sheffield Wednesday
31%
1949 | 1950 Portsmouth
24%
1889 | 1890 Preston North End
24%
1924 | 1925 | 1926 Huddersfield Town
22%
1920 West Bromwich Albion
22%
No matching quizzes found
Score Distribution
Percent of People with Each Score
Percentile by Number Answered
Your Score History
You have not taken this quiz since the last reset